000 00222nam a2200097Ia 4500
008 190216s9999||||xx |||||||||||||| ||und||
100 _aRaman Nair Vettoor
245 0 _aPuzha
260 _bPoorna Pubs Kozhikode
942 _cBK
999 _c26415
_d26415